000 00836cam a2200301 4500
008 000000n2000 000 0 eng u
020 _a0115522638
035 _a(Sirsi) u108868
050 _a380.50212
110 _aUnited Kingdom
_bDepartment of the Environment, Transport and the Regions
_93507
245 _aTransport statisitcs Great Britain 2000.
250 _a26th ed.
260 _aLondon
_bStationery Office
_c2000
300 _a202p. ; 30cm.
350 _a31.00
650 _aSTATISTICS
650 _aTRANSPORT
650 _aROAD TRAFFIC
650 _aAIR TRANSPORT
650 _aPUBLIC TRANSPORT
650 _aCOMMUTERS
650 _aWATER TRANSPORT
650 _aEnvironment
_96238
650 _aTRAVEL STATISTICS
650 _aTRAVEL TRENDS
690 _aTRANSPORT AND COMMUNICATIONS
942 _n0
999 _c100864
_d100864